Sports Quiz

Random Sports or Numbers Quiz

Lancashire county cricket club 2009 Quiz Stats

 Plays Quiz not verified by Sporcle

Challenge
Share
Tweet
Embed
Score 0/23 Timer 04:00
0 Plays Today
number Name % Correct
9James Anderson
81.7%
11Andrew Flintoff
76.1%
3Glen Chapple
69.7%
21Mark Chilton
64.1%
20Paul Horton
58.5%
15Steven Croft
57.7%
23Gary Keedy
57.7%
16Gareth Cross
55.6%
7Luke Sutton
52.8%
24Tom Smith
51.4%
22Kyle Hogg
48.6%
1Mal Loye
44.4%
number Name % Correct
14Karl Brown
38.7%
8Oliver Newby
35.2%
10Simon Kerrigan
33.8%
5VVS Laxman
29.6%
12Francois Du Plessis
23.9%
4Steven Parry
22.5%
18Steven Cheetham
18.3%
25Steven Mullaney
14.1%
2nd XI opening bat Luke Procter
12.7%
19Sajad Mahmood
7%
17Adrian Shanker
3.5%

You're not logged in!

Compare scores with friends on all Sporcle quizzes.
OR
Log In

You Might Also Like...

Show Comments

Extras

Top Quizzes Today


Score Distribution

Your Account Isn't Verified!

In order to create a playlist on Sporcle, you need to verify the email address you used during registration. Go to your Sporcle Settings to finish the process.

Report this User

Report this user for behavior that violates our Community Guidelines.

Details: